000 00683nam a2200229Ia 4500
003 OSt
005 20220918105509.0
006 a|||||r|||| 00| 0
007 ta
008 220915b |||||||| |||| 00| 0 hin d
024 _a207959
037 _cReference Collections
040 _aARTS
_cARTS
_bhin
041 _2hin
_ahin
082 _aP152:4k, J6;N2(RR)
100 _aप्रसाद, कालिका
_91699
245 0 _aबृहत् हिन्दी कोश
246 _aBṛuhat hindī kosha
260 _c1992
942 _hP152:4k, J6;N2(RR)
_cREF
999 _c107596
_d107596